000 00646nam a2200205 i 4500
001 80826
003 ES-MaACL
005 20230906174316.0
007 t|
008 041029q19501959sp ||||1| lat d
100 1 _aHoracio Flaco, Quinto.
_964182
245 1 0 _aCarmina
_b: = [Odas] /
_cQ. Horati Flacci ; [texto latino con notas por Bernardo Alemany Selfa].
260 _aMadrid :
_bGredos,
_c[195-?] (
_fRafael G. Menor)
300 _a193 p. ;
_c17 cm.
490 1 _aClásicos Gredos
700 1 _aAlemany Selfa, Bernardo.
_919735
830 0 _aClásicos Gredos
_9183680
852 _aES-MaACL
_jC-13523
_bR.40430
999 _c80826
_d80826